| 000 | 01028nmm a2200325 a 4500 | ||
|---|---|---|---|
| 003 | AR-BaBNM | ||
| 005 | 20251128204815.0 | ||
| 008 | 126019s1981 ||||||||||||||000 | spa|| | ||
| 040 | _cAR-BaBNM | ||
| 245 | 1 | 0 | _aMáscaras y pueblos |
| 260 |
_aBuenos Aires _bFundación para la Educación, la Ciencia y la Cultura _bCentro Argentino de Etnología Americana _c1981 |
||
| 300 | 0 |
_a23 p. _bil. |
|
| 500 | 1 | _aAporte económico de esta publicación del Centro de acción cultural de la Fundación para la educación, la ciencia y la cultura | |
| 600 | 1 | 4 | _aEnsor, James |
| 600 | 1 | 4 | _aCalifano, Mario |
| 650 | 4 | _aARTE | |
| 650 | 4 | _aCIVILIZACIONES ANTIGUAS | |
| 650 | 4 | _aCULTURA ANTIGUA | |
| 650 | 4 | _aEDAD MEDIA | |
| 650 | 4 | _aSIGLO DIECIOCHO | |
| 650 | 4 | _aETNOGRAFIA | |
| 650 | 4 | _aCOSTUMBRES Y TRADICIONES | |
| 650 | 4 | _aANTROPOLOGIA CULTURAL Y SOCIAL | |
| 650 | 4 | _aHISTORIA CULTURAL | |
| 650 | 4 | _aABORIGENES | |
| 651 | 4 | _aFrancia | |
| 700 | 1 |
_aCorti, Francisco H. _ecolaborador |
|
| 942 | _cBK | ||
| 998 | _cGLORIA | ||
| 999 |
_c8903 _d8903 |
||